00476nam a2200193 a 4500001001300000003000900013005001700022008004100039020001000080082001300090100001900103245001900122260003300141300000900174500003500183505002700218650001800245700001900263nice12345678IN_TiNIC20260116011305.0050524s1927 beia grp 000 0 ara  ac10000a244bMAT aMathews, Basil aAmjadul Ghayat aBeirutbAmerican Pressc1927 a289p aincludes index and biblioraphy2 a3 vols. bound together aBible Stories1 aMathews, Basil